Pháp lệnh xử lý vi phạm hành chính và các văn bản hướng dẫn thi hành

Gorde:
Xehetasun bibliografikoak
Egile nagusia: Nguyễn Sỹ Đại
Formatua: Liburua
Hizkuntza:Undetermined
Argitaratua: H. CAND 2002
Etiketak: Etiketa erantsi
Etiketarik gabe, Izan zaitez lehena erregistro honi etiketa jartzen!
Thư viện lưu trữ: Trung tâm Học liệu Trường Đại học Cần Thơ
LEADER 00474nam a2200157Ia 4500
001 CTU_51025
008 210402s9999 xx 000 0 und d
020 |b 250000 
082 |a 352.8 
082 |b Đ103 
100 |a Nguyễn Sỹ Đại 
245 0 |a Pháp lệnh xử lý vi phạm hành chính và các văn bản hướng dẫn thi hành 
260 |a H. 
260 |b CAND 
260 |c 2002 
980 |a Trung tâm Học liệu Trường Đại học Cần Thơ